Plastic surgery 1992 (Record no. 9613)

MARC details
000 -LEADER
campo de control de longitud fija 01263nam a2200301 i 4500
001 - NÚMERO DE CONTROL
campo de control 9613
003 - IDENTIFICADOR DE NÚMERO DE CONTROL
campo de control ES-MaACL
005 - FECHA Y HORA DE LA ÚLTIMA TRANSACCIÓN
campo de control 20230906145724.0
007 - CAMPO FIJO DE DESCRIPCIÓN FÍSICA--INFORMACIÓN GENERAL
campo de control de longitud fija t|
008 - DATOS DE LONGITUD FIJA--INFORMACIÓN GENERAL
campo de control de longitud fija 931111s1992 ne ||||1| eng d
020 ## - NÚMERO INTERNACIONAL ESTÁNDAR DEL LIBRO
Número Internacional Estándar del Libro 0-444-81172-9
080 ## - NÚMERO DE LA CLASIFICACIÓN DECIMAL UNIVERSAL
Número de la Clasificación Decimal Universal 617-089.844(061.3)
111 2# - ENTRADA PRINCIPAL--NOMBRE DE CONGRESO/REUNIÓN
Nombre de congreso/reunión o jurisdicción como elemento de entrada International Confederation for Plastic and Reconstructive Surgery. Congress (
Número del congreso/reunión o número de parte o sección 10º.
Fecha del congreso o de la firma del tratado 1992.
Sede del congreso/Lugar de la reunión Madrid)
9 (RLIN) 759
245 10 - MENCIÓN DEL TÍTULO
Título Plastic surgery 1992
Resto del título : proceedings of the X Congress of the International Confederation for Plastic and Reconstructive Surgery, Madrid, Spain, 28 June-3 July 1992 /
Mención de responsabilidad, etc. editor, U. T. Hinderer ; co-editors, B. Vilar-Sancho, J. Quetglas Moll.
260 ## - PUBLICACIÓN, DISTRIBUCIÓN, ETC.
Lugar de publicación, distribución, etc. Amsterdam [etc.] :
Nombre del editor, distribuidor, etc. Excerpta Medica,
Fecha de publicación, distribución, etc. 1992.
300 ## - DESCRIPCIÓN FÍSICA
Extensión 3 v. :
Otras características físicas il. ;
Dimensiones 25 cm.
490 1# - MENCIÓN DE SERIE
Mención de serie International congress series ;
Designación de volumen o secuencia 935-37
500 ## - NOTA GENERAL
Nota general Indices.
500 ## - NOTA GENERAL
Nota general Bibliografía.
505 8# - NOTA DE CONTENIDO CON FORMATO
Nota de contenido con formato V. 1. Lectures and panels -- V. 2. Free papers -- V. 3. Abstracts
650 14 - PUNTO DE ACCESO ADICIONAL DE MATERIA--TÉRMINO DE MATERIA
Término de materia o nombre geográfico como elemento de entrada Cirugía plástica-
Subdivisión general Congresos y asambleas.
9 (RLIN) 11059
700 1# - ENTRADA AGREGADA--NOMBRE PERSONAL
Nombre de persona Hinderer, U.T.
9 (RLIN) 63752
700 1# - ENTRADA AGREGADA--NOMBRE PERSONAL
Nombre de persona Vilar-Sancho, B.
9 (RLIN) 114809
700 1# - ENTRADA AGREGADA--NOMBRE PERSONAL
Nombre de persona Quetglas Moll, J.
9 (RLIN) 94588
830 0# - PUNTO DE ACCESO ADICIONAL DE SERIE-TÍTULO UNIFORME
Título uniforme International congress series ;
Designación de volumen o secuencia 935-37
9 (RLIN) 228047
852 ## - LOCALIZACIÓN
Ubicación ES-MaACL
Número de control de estantería L-17131-33
Sublocalización o colección R.121326
Holdings
Estatus retirado Estado de pérdida Estado de daño No para préstamo Biblioteca de origen Biblioteca actual Ubicación en estantería Fecha de adquisición Fuente de adquisición Total de préstamos Signatura topográfica completa Código de barras Visto por última vez Precio de reemplazo Tipo de ítem Koha
        Biblioteca del Ateneo de Madrid Biblioteca del Ateneo de Madrid Depósito 2 17/01/2008     L-17131-33 1009809 23/02/2023 23/02/2023 Libro impreso